Microsatellite variability and its use in the characterization of cultivated clones of Hevea brasiliensis (Record no. 51609)

MARC details
000 -LEADER
fixed length control field 00498nam a2200169Ia 4500
100 ## - MAIN ENTRY--AUTHOR NAME
Personal name Saha T.
245 #0 - TITLE STATEMENT
Title Microsatellite variability and its use in the characterization of cultivated clones of Hevea brasiliensis
260 ## - PUBLICATION, DISTRIBUTION, ETC. (IMPRINT)
Name of publisher Plant Breeding
Year of publication 2005
300 ## - PHYSICAL DESCRIPTION
Number of Pages 86-92
650 ## - SUBJECT ADDED ENTRY--TOPICAL TERM
Topical Term HMG CoA reductase
650 ## - SUBJECT ADDED ENTRY--TOPICAL TERM
Topical Term Microsatellite sequence
650 ## - SUBJECT ADDED ENTRY--TOPICAL TERM
Topical Term Simple sequence repeat
700 ## - ADDED ENTRY--PERSONAL NAME
Personal name Nazeer M.A.
700 ## - ADDED ENTRY--PERSONAL NAME
Personal name Roy C.B.
942 ## - ADDED ENTRY ELEMENTS (KOHA)
Koha item type Bibliography STAF
Holdings
Withdrawn status Lost status Damaged status Not for loan Home library Current library Date acquired Serial Enumeration / chronology Koha item type
      Bibliography RRII Library RRII Library 09/04/2014 Volume 124, Issue 1 Bibliography STAF